| 000 | 00000nam##2200000za#4500 |
| 001 | 9.686283 |
| 003 | CaOODSP |
| 005 | 20210624230450 |
| 007 | cr ||||||||||| |
| 008 | 150407|2002||||xxc|||||o f|0| 0 eng|d |
| 020 | |a0-662-31898-6 |
| 040 | |aCaOODSP|beng |
| 043 | |an-cn--- |
| 086 | 1 |aSW21-91/2002E-IN |
| 110 | 1 |aCanada. |bStatus of Women Canada. |
| 245 | 10|aOn her own : |h[electronic resource]|byoung women and homelessness in Canada / |cCanadian Housing and Renewal Association with researchers Sylvia Novac, Luba Serge, Margaret Eberle and Joyce Brown. |
| 260 | |aOttawa - Ontario : |bStatus of Women Canada |c2002. |
| 300 | |a150p.|breferences, tables |
| 590 | |a06-10-Supp|b2006-12-15 |
| 690 | 07|aGovernment policy|2gcpds |
| 690 | 07|aHomelessness|2gcpds |
| 690 | 07|aHousing|2gcpds |
| 690 | 07|aInterviews|2gcpds |
| 690 | 07|aSocial conditions|2gcpds |
| 690 | 07|aWomen|2gcpds |
| 690 | 07|aYoung adults|2gcpds |
| 775 | 08|tOù se tourner? : |w(CaOODSP)9.630760 |
| 856 | 40|ahttp://publications.gc.ca|qPDF|s798 KB|uhttps://publications.gc.ca/collections/Collection/SW21-91-2002E.pdf |